My idea of education / (Record no. 20904)

MARC details
000 -LEADER
fixed length control field 00377nam a22001451a 4500
003 - CONTROL NUMBER IDENTIFIER
control field OSt
008 - FIXED-LENGTH DATA ELEMENTS--GENERAL INFORMATION
fixed length control field 220501s2008 xx 000 0 eng d
020 ## - INTERNATIONAL STANDARD BOOK NUMBER
International Standard Book Number 9788175053052
082 ## - DEWEY DECIMAL CLASSIFICATION NUMBER
Item number VIV-M
Classification number 370.11
100 ## - MAIN ENTRY--PERSONAL NAME
Personal name VIVEKANANDA, SWAMI
245 ## - TITLE STATEMENT
Title My idea of education /
Statement of responsibility, etc Swami Vivekananda.
260 ## - PUBLICATION, DISTRIBUTION, ETC. (IMPRINT)
Name of publisher, distributor, etc ADVAITA SHARMA,
Date of publication, distribution, etc 2008.
Place of publication, distribution, etc Kolkata :
300 ## - PHYSICAL DESCRIPTION
Extent / Pages 128 p. ;
942 ## - ADDED ENTRY ELEMENTS (KOHA)
Source of classification or shelving scheme
Koha item type Books
Holdings
Withdrawn status Lost status Source of classification or shelving scheme Damaged status Not for loan Home library Current library Date acquired Source of acquisition Currency Cost, normal purchase price Total Checkouts Full call number Barcode Date last seen Copy number Bill Date Koha item type Bill Number
          SOBD Library SOBD Library 11/12/2024 Advaita Ashrama INR 65.00   370.11 VIV-M 1 006645 31/12/2024 1 11/12/2024 Books DC-422
Hosted, Implemented, Customized & Maintained by: BestBookBuddies

Powered by Koha